000 00795nam a2200229 i 4500
001 61925
003 ES-MaACL
005 20251018063046.0
007 t|
008 031114s1951 ag ||||1| spa d
080 _a821.111(73)-32"19"
100 1 _aFaulkner, William,
_d1897-1962
_9242365
245 1 0 _aGambito de caballo /
_cWilliam Faulkner ; [traducción, Lucrecia Moreno de Sáenz].
260 _aBuenos Aires :
_bEmecé,
_c[1951] (
_fImp. Argentina)
300 _a263 p. ;
_c19 cm.
490 1 _aGrandes novelistas
505 8 _aContiene: Humo ; Monje ; Una mano sobre las aguas ; Mañana ; Un error de química ; Gambito de caballo
700 1 _aMoreno, Lucrecia.
_983300
830 1 _aGrandes novelistas
_9181770
852 _aES-MaACL
_jD-5820
999 _c61925
_d61925